Louis Tomlinson - Looks Like Lucy - All lyrics - Statistics

General Stats
  • This quiz has been taken 3 times
  • The average score is 100 of 206
Answer Stats
Answer % Correct
her
100%
I
100%
is
100%
like
100%
looks
100%
Lucy
100%
my
100%
She
100%
she
100%
the
100%
to
100%
I'll
67%
it
67%
It
67%
It's
67%
I've
67%
of
67%
on
67%
time
67%
about
33%
And
33%
At
33%
been
33%
But
33%
doing
33%
every
33%
fine
33%
in
33%
love
33%
mind
33%
name
33%
same
33%
see
33%
So
33%
There
33%
thing
33%
Yeah,
33%
yeah
33%
(yeah)
33%
again
0%
are
0%
away
0%
calls
0%
Cause
0%
control
0%
Crimson
0%
day
0%
door
0%
feet
0%
found
0%
from
0%
get
0%
give
0%
goes
0%
green
0%
head
0%
know
0%
light
0%
Lights
0%
moves
0%
never
0%
Never
0%
not
0%
red
0%
sees
0%
Somehow
0%
still
0%
story
0%
straight
0%
Suddenly
0%
sure
0%
this
0%
Thoughts
0%
way
0%
No matching quizzes found
Score Distribution
Percent of People with Each Score
Percentile by Number Answered
Your Score History
You have not taken this quiz